| 000 | 00573nam a2200205Ia 4500 | ||
|---|---|---|---|
| 003 | IN-BaIIA | ||
| 008 | 211028s9999 xx 000 0 eng d | ||
| 040 | _cIIA Library | ||
| 080 |
_a621.394 _bLAR |
||
| 100 |
_aLardner, Dionysius _9657 |
||
| 245 | 0 |
_aElectric telegraph popularised _cDionysius Lardner |
|
| 260 |
_aLondon _bWalton and Maberly _c1855 |
||
| 300 | _a[various pagings.] | ||
| 490 | _aThe museaum of science and art | ||
| 650 | _aArchives | ||
| 650 | _aNASA Thesaurus | ||
| 650 |
_aTelecommunications _9658 |
||
| 650 |
_aTelegraph systems _9659 |
||
| 942 | _cBK | ||
| 999 |
_c320 _d320 |
||